Ghazālīs̕ book of counsel for kings (Record no. 58069)
[ view plain ]
| 000 -LEADER | |
|---|---|
| fixed length control field | 01224nam a2200289 a 4500 |
| 001 - CONTROL NUMBER | |
| control field | 58069 |
| 003 - CONTROL NUMBER IDENTIFIER | |
| rucl marc code | BD-RjUL |
| 005 - DATE AND TIME OF LATEST TRANSACTION | |
| control field | 20211209080601.0 |
| 008 - FIXED-LENGTH DATA ELEMENTS--GENERAL INFORMATION | |
| fixed length control field | 161512s1964 xx b 000 0 eng |
| 035 ## - SYSTEM CONTROL NUMBER | |
| System control number | (BD-RjUL)58193 |
| 040 ## - CATALOGING SOURCE | |
| Original cataloging agency | DLC |
| Transcribing agency | MNoW |
| Modifying agency | BD-RjUL |
| Language of cataloging | eng |
| 041 ## - LANGUAGE CODE | |
| Language code of text/sound track or separate title | eng |
| 082 ## - DEWEY DECIMAL CLASSIFICATION NUMBER | |
| Edition number | 23 |
| Classification number | 001.09 |
| Author mark and year | GHC 1964 |
| 100 0# - MAIN ENTRY--PERSONAL NAME | |
| Personal name | Ghazzālī, |
| Dates associated with a name | 1058-1111. |
| 9 (RLIN) | 172468 |
| 245 10 - TITLE STATEMENT | |
| Title | Ghazālīs̕ book of counsel for kings |
| Remainder of title | (Nasīhat al-mulūk) |
| Statement of responsibility, etc. | Translated by F.R.C Bagley from the Persian text edited by Jalāl Humāī̕ and the Bodelian Arabic text edited by H.D. Isaacs, with introd., notes, and biographical index. |
| 260 ## - PUBLICATION, DISTRIBUTION, ETC. (IMPRINT) | |
| Place of publication, distribution, etc. | London, New York : |
| Name of publisher, distributor, etc. | Oxford University Press, |
| Date of publication, distribution, etc. | c1964 |
| 300 ## - PHYSICAL DESCRIPTION | |
| Pagination | lxxiv, 197 p. ; |
| Size | 22 cm. |
| 490 0# - SERIES STATEMENT | |
| Series statement | University of Durham publications |
| 500 ## - GENERAL NOTE | |
| General note | Translated from the authors̕ al-Tibr al-masbūk fī nasīhat al-mulūk. |
| 504 ## - BIBLIOGRAPHY, ETC. NOTE | |
| Bibliography, etc | Includes bibliographical references. |
| 650 #0 - SUBJECT ADDED ENTRY--TOPICAL TERM | |
| Topical term or geographic name as entry element | Education of princes. |
| 9 (RLIN) | 172469 |
| Topical term or geographic name as entry element | Kings and rulers |
| General subdivision | Religious life. |
| 9 (RLIN) | 172470 |
| Topical term or geographic name as entry element | Kings and rulers |
| General subdivision | Duties |
| 9 (RLIN) | 172471 |
| 700 1# - ADDED ENTRY--PERSONAL NAME | |
| Personal name | Bagley, F. R. C. |
| Fuller form of name | (Frank Ronald Charles), |
| Dates associated with a name | 1915- |
| Relator term | ed. and tr. |
| 830 ## - SERIES ADDED ENTRY--UNIFORM TITLE | |
| Uniform title | University of Durham publications |
| 942 ## - ADDED ENTRY ELEMENTS (KOHA) | |
| Source of classification or shelving scheme | Dewey Decimal Classification |
| Koha item type | Books |
| Lost status | Source of classification or shelving scheme | Damaged status | Not for loan | Collection code | Permanent Location | Current Location | Shelving location | Date acquired | Source of acquisition | Cost, normal purchase price | Total Checkouts | Full call number | Date last seen | Copy number | Koha item type |
|---|---|---|---|---|---|---|---|---|---|---|---|---|---|---|---|
| Dewey Decimal Classification | Not For Loan | Non-fiction | Central Library, University of Rajshahi | Central Library, University of Rajshahi | Reading Room | 30/01/1967 | Euro-pak | 0.00 | 001.09 GHC 1964 | 15/12/2016 | C-1 | Books |